<?xml version="1.0" encoding="UTF-8"?>
<record
    xmlns:xsi="http://www.w3.org/2001/XMLSchema-instance"
    xsi:schemaLocation="http://www.loc.gov/MARC21/slim http://www.loc.gov/standards/marcxml/schema/MARC21slim.xsd"
    xmlns="http://www.loc.gov/MARC21/slim">

  <leader>00477cam a22001574a 4500</leader>
  <datafield tag="020" ind1=" " ind2=" ">
    <subfield code="a">8887669120</subfield>
  </datafield>
  <datafield tag="040" ind1=" " ind2=" ">
    <subfield code="c">C3L</subfield>
  </datafield>
  <datafield tag="082" ind1="1" ind2="4">
    <subfield code="a">722 BIB 2001 C156 Or.</subfield>
  </datafield>
  <datafield tag="100" ind1="1" ind2=" ">
    <subfield code="a">Adam, Robert,</subfield>
  </datafield>
  <datafield tag="245" ind1="1" ind2="0">
    <subfield code="a">Ruins of the Palace of the emperor Diocletian at Spalatro in Dalmatia /</subfield>
  </datafield>
  <datafield tag="260" ind1=" " ind2=" ">
    <subfield code="a">Cannitello (Reggio Calabria) :</subfield>
    <subfield code="b">Biblioteca del Cenide,</subfield>
    <subfield code="c">2001.</subfield>
  </datafield>
  <datafield tag="300" ind1=" " ind2=" ">
    <subfield code="a">264 p. (4 fold.) :</subfield>
    <subfield code="b">ill. ;</subfield>
    <subfield code="c">25 x 30 cm.</subfield>
  </datafield>
  <datafield tag="490" ind1="1" ind2=" ">
    <subfield code="a">Learning from.</subfield>
  </datafield>
  <datafield tag="700" ind1="1" ind2=" ">
    <subfield code="a">Navarra, Marco.</subfield>
  </datafield>
  <datafield tag="942" ind1=" " ind2=" ">
    <subfield code="c">AEDBB</subfield>
  </datafield>
  <datafield tag="999" ind1=" " ind2=" ">
    <subfield code="c">18959</subfield>
    <subfield code="d">18959</subfield>
  </datafield>
  <datafield tag="952" ind1=" " ind2=" ">
    <subfield code="0">0</subfield>
    <subfield code="1">0</subfield>
    <subfield code="4">0</subfield>
    <subfield code="6">722_000000000000000_BIB_2001_C156_OR</subfield>
    <subfield code="7">0</subfield>
    <subfield code="9">83705</subfield>
    <subfield code="a">LBC</subfield>
    <subfield code="b">LBC</subfield>
    <subfield code="c">C156</subfield>
    <subfield code="d">2020-02-14</subfield>
    <subfield code="e">A33506</subfield>
    <subfield code="o">722 BIB 2001 C156 Or.</subfield>
    <subfield code="r">2020-02-14</subfield>
    <subfield code="w">2020-02-14</subfield>
    <subfield code="y">EK</subfield>
  </datafield>
</record>
